000 nam a22 7a 4500
999 _c15339
_d15339
008 161031b xxu||||| |||| 00| 0 eng d
020 _a0375407545
050 _aRA 784 .W425 2000
100 _aWeil,Andrew
245 _aEating well for optimum Health :
_bThe essential Guide to food,Diet and Nutrition/
_cAndrew Weil
250 _a1st ed.
260 _aNew York :
_bAlfred A.Knopf,
_cc2000
300 _aviii, 312p. :
_bill. ;
500 _aIncludes appendix and index.
650 _aNutrition
650 _aFood
650 _aHealth
942 _2lcc
_cBOOKS
_hRA 784 .W425 2000